000 01655cad a22002655a 4500
001 E148134
008 090804s2009 xxk f f000 0 eng d
020 _a9781409815792
035 _a(Sirsi) u148134
041 0 _aeng
050 0 4 _a711.1 $2 18
110 2 _aUnited Kingdom
_bDepartment for Communities and Local Government
_94939
245 0 0 _aConsultation paper on a new Planning Policy Statement 15, Planning for the Historic Environment
_h[electronic resource]
260 _aLondon
_bDCLG
_c2009
505 2 _aPart 1: introduction: planning and the historic environment; heritage protection reform and rationale for the new PPS 5; planning reform; the draft PPS, format and underlying principles; supporting guidance; impact assessment -- Part 2: consultation process -- Part 3: about this consultation -- Part 4: consultation questions -- Annex A: planning for the historic environment -- Annex B: impact assessment
520 _aSeeks views on a proposed new planning policy statement (PPS) which will replace planning policy guidance notes 15 (Planning and the Historic Environment) and 16 (Archaeology and Planning). The new PPS will be supplemented by guidance from English Heritage.
520 _aDeadline for comments is 30 October 2009.
521 _aAdvanced
590 _aKA NTK
651 4 _aEngland
_y886-
690 _aBUILT ENVIRONMENT-BUILDING TYPES-ANCIENT MONUMENTS AND HISTORIC BUILDINGS
690 _aPlanning and development
_96259
856 4 0 _uhttps://www.communities.gov.uk/publications/planningandbuilding/consultationhistoricpps
_zView the consultation free of charge at www.communities.gov.uk...
942 _n0
999 _c109901
_d109901